Instructor Solutions Manual of Mechanics of Materials / (Record no. 611262)

000 -LEADER
fixed length control field 00372nam a22001337a 4500
040 ## - CATALOGING SOURCE
Transcribing agency NUST
082 ## - DEWEY DECIMAL CLASSIFICATION NUMBER
Classification number 6201.112
Author Mark HIB
100 ## - MAIN ENTRY--PERSONAL NAME
Personal name Hibbeler, R. C.
245 ## - TITLE STATEMENT
Title Instructor Solutions Manual of Mechanics of Materials /
Statement of responsibility, etc. R.C. Hibbeler
250 ## - EDITION STATEMENT
Edition statement 10th Ed.
260 ## - PUBLICATION, DISTRIBUTION, ETC.
Place of publication, distribution, etc. Malaysia :
Name of publisher, distributor, etc. Pearson Education,
Date of publication, distribution, etc. 2018.
300 ## - PHYSICAL DESCRIPTION
Extent 1129
Other physical details Hardbinding
Dimensions 27cm.
942 ## - ADDED ENTRY ELEMENTS (KOHA)
Source of classification or shelving scheme
Koha item type Book
Holdings
Withdrawn status Lost status Source of classification or shelving scheme Damaged status Not for loan Permanent Location Current Location Shelving location Date acquired Total Checkouts Full call number Barcode Checked out Date last seen Date last checked out Price effective from Koha item type
          School of Mechanical & Manufacturing Engineering (SMME) School of Mechanical & Manufacturing Engineering (SMME) Aerospace Engineering 08/29/2024 1 6201.112 HIB SMME-4610 12/27/2024 08/29/2024 08/29/2024 08/29/2024 Book
© 2023 Central Library, National University of Sciences and Technology. All Rights Reserved.